000 00700nam a2200205 a 4500
003 0
005 20250625094113.0
008 970101s19uu xx 00 eng d
050 _aPGS GV 943.8
_b.K49 2004
100 _aKim, Dong Kyu.
245 _aPerceptions of grade 7 students on soccer /
_cDong Kyu Kim.
260 _aLas PiƱas City, Philippines :
_bSouthville International School and Colleges,
_c2004.
300 _a20 pages :
_billustrations ;
_c28 cm.
504 _aIncludes bibliographical references.
650 _aSoccer for children.
650 _aSoccer
_vPublic opinion.
650 _aSoccer
_vSocial aspects.
650 _aSchool sports
_vStudent attitudes.
942 _2lcc
_cPASS
999 _c97001
_d97001